000 00912nam a22002297a 4500
005 20180803165507.0
008 131105b2006 ck ||||| |||| 00| 0 spa d
040 _aCO-BoIAVH
_cCO-BoIAVH
041 _aspa
044 _ack
090 _aIAVH
_b01413
100 _aRamirez-Diana Patricia
_9330
245 _aPlan de ordenamiento y manejo de la cuenca del rio Cane- Iguaque
260 _aBogota
_bInstituto de Investigación de Recursos Biológicos Alexander von Humboldt
_c2006
300 _a345 p.
_c21cm.
_eCd
505 _aPrincipios del Pomca,los cincos ejes transversales del Pomca,las fases del Pomca Cane-Iguaque.
520 _aPlan de ordanamiento de la Cuenca-Iguaque,ejecucion del convenio 058 del 2004,como el convenio 033 del 2006.
650 _aBiodiversidad
_992204
650 _aCuencas
_zRio Cane-Iguaque
_931435
700 _aDiana Patricia- Ramìrez .[et al].
_92298
942 _2z
_cINFORME
999 _c7717
_d7717